Egypt /

Saved in:

Other Authors: Youssef, Hisham., Rodenbeck, John.

Format: Book

Language: English

Published: Boston, Mass. : Houghton Mifflin, ©1993.

Edition: 3rd ed.

Series: Insight guides ; 268.

Subjects:

Tags: Add Tag

No Tags, Be the first to tag this record!

Call Number: DT45 .E37 1993

LEADER 00973cam a2200301 a 4500
001 ocm28118764
003 OSt
005 20260429072945.0
008 930517s1993 mauab b 001 0 eng d
020 |a 0395662575 
020 |a 9780395662571 
040 |c ARCE Library 
043 |a f-ua--- 
050 4 |a DT45 .E37 1993 
245 0 0 |a Egypt /  |c edited by Hisham Youssef and John Rodenbeck ; photography by Albano Guatti and others ; created and directed by Hans Hofer.  
250 |a 3rd ed. 
264 1 |a Boston, Mass. :  |b Houghton Mifflin,  |c ©1993. 
300 |a 339 pages :  |b illustrations (chiefly color), color maps ;   |c 23 cm. 
490 1 |a Insight guides ;  |v 268. 
504 |a Includes bibliographical references and index. 
651 0 |a Egypt  |v Guidebooks. 
651 0 |a Egypt  |x Description and travel. 
700 1 |a Youssef, Hisham. 
700 1 |a Rodenbeck, John. 
830 0 |a Insight guides ;  |v 268. 
901 |a reviewed 
942 |2 lcc  |c BK 
999 |c 55373  |d 55373